| 000 | 00000cam 2200000zi 4500 |
| 001 | 9.949477 |
| 003 | CaOODSP |
| 005 | 20260114155833 |
| 006 | m o d f |
| 007 | cr |n||||||||| |
| 008 | 250324t20252025onca o f000 0 fre d |
| 020 | |a9780660766362 |
| 040 | |aCaOODSP|bfre|erda|cCaOODSP |
| 043 | |an-cn--- |
| 086 | 1 |aH129-170/1-2025F-PDF |
| 245 | 00|aNe partez pas en fumée! : |bbatteries au lithium-ion. |
| 264 | 1|a[Ottawa] : |bSanté Canada = Health Canada, |c[2025] |
| 264 | 4|c©2025 |
| 300 | |a1 ressource en ligne (1 page) : |billustrations |
| 336 | |atexte|btxt|2rdacontent/fre |
| 337 | |ainformatique|bc|2rdamedia/fre |
| 338 | |aressource en ligne|bcr|2rdacarrier/fre |
| 500 | |aPublié aussi en anglais sous le titre : Don't go up in smoke : lithium-ion batteries. |
| 500 | |aTitre de départ. |
| 500 | |a« Pub. : 240980. » |
| 650 | 6|aBatteries au lithium-ion|xSécurité|xMesures. |
| 710 | 1 |aCanada. |bSanté Canada, |eorganisme de publication. |
| 775 | 08|tDon't go up in smoke! : |w(CaOODSP)9.949475 |
| 776 | 0#|tNe partez pas en fumée! : |w(CaOODSP)9.949478 |
| 856 | 40|qPDF|s773 Ko|uhttps://publications.gc.ca/collections/collection_2025/sc-hc/H129-170-1-2025-fra.pdf |
| 856 | 4 |qHTML|sS.O.|uhttps://www.canada.ca/fr/sante-canada/services/produits-menagers/securite-piles/ressources/fiche-information-lithium-ion-systemes-batteries-plus-grands.html |